00753nam a2200229Ia 4500003000400000005001700004008004100021020001300062040000700075082001500082100002100097245007300118250000700191260004000198300002800238500001900266600002100285650005000306942001200356952014000368999001500508OSt20241023060737.0240925s9999 xx 000 0 und d a71129308 csd a004.68 GUR aGurewich, Nathan 0aCommunication Systems: practical guide to intel connectivity designs aNA aNew Delhi:bSatya Prakashanc,1992. axvi,944p.bNAfOriginal aIncludes Index aComputer Science aComputer science, information & general works cBK2ddc 001040708CSaUITUbUITUd1997-02-17ePakistan American Commercialg669.00l0o004.68 GURpQ0918r2024-09-25 07:12:15w2024-09-25yBK c3417d3417